1779 1070 1577 1666 1700 1592 1259 1860 1419 1878 1391 1832 1878 1661 1203 1989 1252 1278 1568 1939 1800 1043 1382 1695 1364 1540 1694 1317 1846 1302 1745 1030 1349 1827 1253 1186 1295 1112 1133 1478 1380 1252 1390 1645 1548 1285 1238 1289 1626 1506 1881 1932 1922 1853 1852 1552 1349 1305 1373 1977 1899 1213 1578 1725 1620 1083 1924 1677 1059 1901 1861 1143 1256 1950 1399 1551 1187 1435 1268 1970 1392 1388 1067 1160 1594 1037 1513 1665 1629 1399 1539 1326 1715 1491 1922 1870 1513 1629 1321 BCNSPRNW ULIB Ver.6.0+V

เปลี่ยนเป็นภาษาไทย

Change to English
 แสดงรายละเอียดบรรณานุกรม
  กลับหน้าหลัก

Brief Record : Get Marc (ISO 2709) : E-mail record : QR code < ปิดหน้าต่าง
LEADER : 00000nas 2200000uu 4500
001    13399127615
003     ULIB
008    210308s2563||||th 000 0 tha d
022 0  ^a01257242
245 00 ^aวารสารกองการพยาบาล = Journal of Nursing Division/^cกองการพยาบาล
310    ^aรายสี่เดือน
850 ^a ULIB^bปีที่ 47 ฉบับที่ 2 ฉ.1
945    ^p0^l0^i905678
999    ^aประนอม เกษจรัล
รายการนี้ยังไม่มีแท็ก
คุณยังไม่ได้ล็อกอิน คุณสามารถมีกิจกรรมร่วมกับเว็บไซต์ได้ แต่ต้องล็อกอินก่อน ::
  ล็อกอิน

รายการสื่อสารสนเทศ (วารสาร)

ดูแบบ: กล่อง รายการ
ARRIVED
ปีที่ 47 ฉบับที่ 2 ฉ.1
สถานที่: ห้องสมุดวิทยาเขตสวรรค์ประชารักษ์ >วารสาร

BibComment


ยังไม่เคยถูกคอมเมนท์

คอมเมนท์ทรัพยากรรายการนี้
  คอมเมนท์: วารสารกองการพยาบ..


 Copyright 2026. Bcnsprnw @Library